[Event "Rhein Main op-A 25th"]
[Site "Bad Homburg"]
[Date "2023.06.10"]
[Round "5"]
[White "Wilk, Jan"]
[Black "Uneken, Bert"]
[Result "0-1"]
[WhiteElo "1811"]
[BlackElo "1748"]
[PlyCount "116"]
[EventDate "2023.06.07"]
[EventType "swiss"]
[EventRounds "7"]
[EventCountry "GER"]
[SourceTitle "CBM 215 Extra"]
[Source "ChessBase"]
[SourceDate "2023.09.30"]
[SourceVersion "1"]
[SourceVersionDate "2023.09.30"]
[SourceQuality "1"]

1. d4 Nf6 2. c4 e6 3. Nc3 d5 4. e3 Be7 5. Nf3 0-0 6. Qc2 Nbd7 7. b3 dxc4 8. Bxc4 c5 9. 0-0 b6 10. Rd1 Bb7 11. Ne5 Qc7 12. Nb5 Qb8 13. Nxd7 Nxd7 14. Bb2 Nf6 15. dxc5 bxc5 16. f4 Nd5 17. Qf2 Rd8 18. Be5 Qc8 19. Rac1 Qc6 20. Bxd5 Rxd5 21. Rxd5 exd5 22. Nd4 Qd7 23. Nf3 Rc8 24. Bb2 Qe6 25. Qd2 h6 26. Kf2 Bd6 27. Qa5 a6 28. Qb6 Rb8 29. Ne5 f6 30. Nf3 d4 31. Nxd4 cxd4 32. Qxd4 Rc8 33. Rxc8+ Bxc8 34. Qd3 Bb7 35. Bc3 Qd5 36. Qc4 Kf8 37. Qxd5 Bxd5 38. g3 Be4 39. b4 Ke7 40. Ke2 Ke6 41. a4 Kd5 42. Kd2 Kc4 43. b5 axb5 44. axb5 Kxb5 45. Ke2 Kc4 46. Ba5 Bc5 47. g4 Bb4 48. Bd8 Kc3 49. h4 Bd3+ 50. Kf3 Kd2 51. g5 hxg5 52. hxg5 f5 53. Bb6 Be4+ 54. Kf2 Kd1 55. g6 Bc3 56. Bc5 Bc6 57. Bd4 Bxd4 58. exd4 Kd2 0-1

[Event "Rhein Main op-A 25th"]
[Site "Bad Homburg"]
[Date "2023.06.08"]
[Round "3"]
[White "Kopf, Rainer"]
[Black "Uneken, Bert"]
[Result "1-0"]
[WhiteElo "1864"]
[BlackElo "1748"]
[PlyCount "95"]
[EventDate "2023.06.07"]
[EventType "swiss"]
[EventRounds "7"]
[EventCountry "GER"]
[SourceTitle "CBM 215 Extra"]
[Source "ChessBase"]
[SourceDate "2023.09.30"]
[SourceVersion "1"]
[SourceVersionDate "2023.09.30"]
[SourceQuality "1"]

1. Nf3 d5 2. d4 e6 3. c4 Nf6 4. Bg5 Be7 5. e3 0-0 6. Nc3 Nbd7 7. Qc2 h6 8. Bf4 c6 9. h3 dxc4 10. Bxc4 Nd5 11. Bh2 N7b6 12. Be2 Bd6 13. 0-0 Re8 14. a3 Qc7 15. Bxd6 Qxd6 16. Ne4 Qe7 17. Nc5 Nd7 18. Nd3 Qd6 19. Rac1 f6 20. Rfd1 Qc7 21. e4 Nf4 22. Bf1 Nb6 23. Nc5 Nd7 24. g3 Nxc5 25. Qxc5 Ng6 26. e5 Qe7 27. Qc2 Qf7 28. Bd3 f5 29. Nd2 Ne7 30. Nc4 Qh5 31. Kg2 Nd5 32. Nd6 Rf8 33. Be2 Qg5 34. h4 Qg6 35. Bf3 Ne7 36. h5 Qg5 37. Rh1 Nd5 38. Bxd5 cxd5 39. f4 Qd8 40. b4 Qb6 41. Qc5 Qa6 42. b5 Qa5 43. Qb4 Qb6 44. Rc5 a6 45. Rhc1 Bd7 46. Rc7 Bxb5 47. Rxb7 Qd8 48. Rcc7 1-0

[Event "Hoogeveen op 25th"]
[Site "Hoogeveen"]
[Date "2022.10.16"]
[Round "2"]
[White "Uneken, Bert"]
[Black "Bollaart, Jeroen"]
[Result "1/2-1/2"]
[WhiteElo "1803"]
[BlackElo "1937"]
[PlyCount "66"]
[EventDate "2022.10.15"]
[EventType "swiss"]
[EventRounds "9"]
[EventCountry "NED"]
[SourceTitle "CBM 210 Extra"]
[Source "ChessBase"]
[SourceDate "2022.11.30"]
[SourceVersion "1"]
[SourceVersionDate "2022.11.30"]
[SourceQuality "1"]

1. e4 g6 2. d4 Bg7 3. Nf3 d6 4. c3 Nf6 5. Bd3 0-0 6. 0-0 Nc6 7. h3 e5 8. Be3 Re8 9. Nbd2 d5 10. dxe5 Nxe5 11. Nxe5 Rxe5 12. Bd4 Re8 13. exd5 Nxd5 14. Bxg7 Kxg7 15. Re1 Nf4 16. Rxe8 Qxe8 17. Bc4 b5 18. Qf3 Bb7 19. Qxb7 bxc4 20. Qxc7 Nd3 21. Qxc4 Nxb2 22. Qd4+ Kg8 23. Ne4 Qd8 24. Qxd8+ Rxd8 25. Rb1 Nc4 26. Rb7 a5 27. Rc7 Rd1+ 28. Kh2 Nd2 29. Nxd2 Rxd2 30. Ra7 Rxa2 31. Kg3 a4 32. c4 a3 33. c5 Rc2 1/2-1/2

[Event "Arber op 8th"]
[Site "Bodenmais"]
[Date "2019.07.29"]
[Round "3"]
[White "Jergler, Karl Heinz"]
[Black "Uneken, Bert"]
[Result "1/2-1/2"]
[WhiteElo "2094"]
[BlackElo "1860"]
[PlyCount "106"]
[EventDate "2019.07.27"]
[EventType "swiss"]
[EventRounds "9"]
[EventCountry "GER"]
[SourceTitle "CBM 191 Extra"]
[Source "ChessBase"]
[SourceDate "2019.09.30"]
[SourceVersion "1"]
[SourceVersionDate "2019.09.30"]
[SourceQuality "1"]

1. e4 e6 2. d4 d5 3. Nc3 Bb4 4. e5 c5 5. Bd2 Bxc3 6. Bxc3 Ne7 7. Nf3 Nbc6 8. dxc5 Nf5 9. Bb5 Bd7 10. Bxc6 Bxc6 11. 0-0 d4 12. Nxd4 Nxd4 13. Qxd4 Qg5 14. f3 h5 15. Rad1 0-0 16. Qf2 Rad8 17. Rd6 h4 18. Rfd1 Bd5 19. Qd2 Qg6 20. Qd3 Qg5 21. Kf2 Qf4 22. Rxd8 Rxd8 23. Qe3 Qxh2 24. Qg5 Rc8 25. Bd4 b6 26. b4 bxc5 27. bxc5 Bxa2 28. Be3 h3 29. Rd8+ Rxd8 30. Qxd8+ Kh7 31. Qh4+ Kg8 32. Qxh3 Qxh3 33. gxh3 Bd5 34. f4 a5 35. Bd2 a4 36. Bb4 Bc6 37. Ke3 Kf8 38. Kd4 Ke7 39. Ba3 Kd7 40. Kc4 Be4 41. Kb5 Bxc2 42. c6+ Kc7 43. Bd6+ Kc8 44. Kb6 Be4 45. Bb4 g6 46. Kc5 Kc7 47. Ba5+ Kc8 48. Kd6 a3 49. Bc3 a2 50. h4 Bf5 51. Ba1 Be4 52. c7 Bf5 53. Bb2 Be4 1/2-1/2

[Event "Arber op 7th"]
[Site "Bodenmais"]
[Date "2018.08.05"]
[Round "9"]
[White "Uneken, Bert"]
[Black "Kolb, Wolfgang"]
[Result "0-1"]
[WhiteElo "1804"]
[BlackElo "2047"]
[PlyCount "64"]
[EventDate "2018.07.28"]
[EventType "swiss"]
[EventRounds "9"]
[EventCountry "GER"]
[SourceTitle "EXT 2019"]
[Source "ChessBase"]
[SourceDate "2018.10.10"]
[SourceVersion "1"]
[SourceVersionDate "2018.10.10"]
[SourceQuality "1"]

1. d4 Nf6 2. Nc3 e6 3. Bg5 h6 4. Bxf6 Qxf6 5. e3 d5 6. Qd3 Bd7 7. 0-0-0 Bb4 8. f4 c5 9. Nge2 c4 10. Qd2 Na6 11. Qe1 Nc7 12. Qf2 Ba5 13. e4 0-0-0 14. Qf3 Bc6 15. exd5 exd5 16. g4 b5 17. Bh3 g5 18. Bg2 b4 19. Nb1 Rhe8 20. c3 Re7 21. Nd2 Rde8 22. Nxc4 dxc4 23. Qxc6 Qxc6 24. Bxc6 Rxe2 25. Bxe8 Rxe8 26. fxg5 hxg5 27. Rhf1 bxc3 28. bxc3 Bxc3 29. Rxf7 Re2 30. d5 Bb2+ 31. Kb1 Nb5 32. Rc1 Na3# 0-1

[Event "Arber op 7th"]
[Site "Bodenmais"]
[Date "2018.08.04"]
[Round "8"]
[White "Bensch, Patrick"]
[Black "Uneken, Bert"]
[Result "1-0"]
[WhiteElo "2197"]
[BlackElo "1804"]
[PlyCount "31"]
[EventDate "2018.07.28"]
[EventType "swiss"]
[EventRounds "9"]
[EventCountry "GER"]
[SourceTitle "CBM 185 Extra"]
[Source "ChessBase"]
[SourceDate "2018.07.29"]
[SourceVersion "1"]
[SourceVersionDate "2018.07.29"]
[SourceQuality "1"]

1. e4 g6 2. d4 Bg7 3. Nc3 d6 4. f4 Nf6 5. Nf3 Bg4 6. h3 Bxf3 7. Qxf3 Nfd7 8. Be3 c5 9. d5 Qa5 10. Bd2 0-0 11. Bd3 a6 12. Qe2 Qb6 13. Na4 Qc7 14. c4 Nb6 15. Ba5 N8d7 16. 0-0 1-0

[Event "Arber op 7th"]
[Site "Bodenmais"]
[Date "2018.07.31"]
[Round "4"]
[White "Hein, Ralf"]
[Black "Uneken, Bert"]
[Result "1/2-1/2"]
[WhiteElo "2048"]
[BlackElo "1804"]
[PlyCount "85"]
[EventDate "2018.07.28"]
[EventType "swiss"]
[EventRounds "9"]
[EventCountry "GER"]
[SourceTitle "CBM 185 Extra"]
[Source "ChessBase"]
[SourceDate "2018.07.29"]
[SourceVersion "1"]
[SourceVersionDate "2018.07.29"]
[SourceQuality "1"]

1. c4 e5 2. Nc3 Nf6 3. g3 d5 4. cxd5 Nxd5 5. Bg2 Nb6 6. Nf3 Nc6 7. 0-0 Be7 8. b3 0-0 9. Bb2 Bf5 10. d3 Qd7 11. Re1 Rad8 12. Nd2 Be6 13. Nc4 Nd5 14. Nxd5 Bxd5 15. e4 Bxc4 16. dxc4 Nd4 17. Bxd4 Qxd4 18. Qh5 Bc5 19. Qe2 Qd2 20. Bf3 Rd4 21. Qxd2 Rxd2 22. Re2 Rfd8 23. Rae1 R8d3 24. Rxd2 Rxd2 25. Re2 Rxe2 26. Bxe2 Kf8 27. Kg2 Ke7 28. f4 Bd4 29. Kf3 Kd6 30. f5 Ke7 31. g4 h6 32. b4 a5 33. bxa5 Bc3 34. a6 bxa6 35. Ke3 Kd6 36. c5+ Kxc5 37. Bxa6 Kb4 38. Kd3 Bd4 39. h4 Bf2 40. h5 f6 41. Bb7 Bd4 42. Bc6 Bb6 43. Bd5 1/2-1/2

[Event "Arber op 6th"]
[Site "Bodenmais"]
[Date "2017.08.03"]
[Round "6"]
[White "Schoppe, Gottfried"]
[Black "Uneken, Bert"]
[Result "0-1"]
[WhiteElo "1580"]
[BlackElo "1884"]
[PlyCount "68"]
[EventDate "2017.07.29"]
[EventType "swiss"]
[EventRounds "9"]
[EventCountry "GER"]
[SourceTitle "CBM 179 Extra"]
[Source "ChessBase"]
[SourceDate "2017.08.23"]
[SourceVersion "1"]
[SourceVersionDate "2017.08.23"]
[SourceQuality "1"]

1. e4 Nc6 2. Nf3 f5 3. e5 d6 4. Bb5 dxe5 5. Nxe5 Qd5 6. Qh5+ g6 7. Nxg6 Nf6 8. Bxc6+ Qxc6 9. Ne5+ Nxh5 10. Nxc6 bxc6 11. d4 Ba6 12. f4 e6 13. Nc3 Bg7 14. Be3 Nf6 15. Na4 Nd5 16. Kf2 Ke7 17. Nc5 Bc8 18. a3 Rb8 19. Rab1 Nf6 20. Kf3 Nd7 21. Nd3 Rg8 22. g3 c5 23. dxc5 Bb7+ 24. Ke2 Bxh1 25. Rxh1 Bxb2 26. c6 Nf6 27. Bc5+ Kf7 28. Bxa7 Ra8 29. Nxb2 Rxa7 30. Nd3 Ra4 31. Ne5+ Ke7 32. Rb1 Rxa3 33. Rb7 Rc8 34. Nc4 Ra6 0-1

[Event "Arber op 6th"]
[Site "Bodenmais"]
[Date "2017.07.31"]
[Round "3"]
[White "Uneken, Bert"]
[Black "Staudinger, Simon"]
[Result "0-1"]
[WhiteElo "1884"]
[BlackElo "1725"]
[PlyCount "60"]
[EventDate "2017.07.29"]
[EventType "swiss"]
[EventRounds "9"]
[EventCountry "GER"]
[SourceTitle "CBM 179 Extra"]
[Source "ChessBase"]
[SourceDate "2017.08.23"]
[SourceVersion "1"]
[SourceVersionDate "2017.08.23"]
[SourceQuality "1"]

1. d4 d5 2. c4 e6 3. cxd5 exd5 4. Nc3 Nf6 5. Bg5 Be7 6. e3 0-0 7. Bd3 h6 8. Bh4 Be6 9. Nf3 Nbd7 10. Rc1 c6 11. 0-0 Ne8 12. Bxe7 Qxe7 13. h3 Nd6 14. Re1 f5 15. Na4 Ne4 16. a3 Rae8 17. b4 a6 18. Nc5 Ndxc5 19. bxc5 Qc7 20. Ne5 Bc8 21. Qb3 Rxe5 22. dxe5 Qxe5 23. f3 Ng3 24. e4 fxe4 25. Bxe4 Qd4+ 26. Kh2 Nh5 27. Bb1 Qf4+ 28. Kg1 Qg3 29. Qe3 Nf4 30. Qe5 Qxg2# 0-1

[Event "Arber op 6th"]
[Site "Bodenmais"]
[Date "2017.07.29"]
[Round "1"]
[White "Uneken, Bert"]
[Black "Wacker, Andreas"]
[Result "1/2-1/2"]
[WhiteElo "1884"]
[BlackElo "1821"]
[PlyCount "106"]
[EventDate "2017.07.29"]
[EventType "swiss"]
[EventRounds "9"]
[EventCountry "GER"]
[SourceTitle "CBM 179 Extra"]
[Source "ChessBase"]
[SourceDate "2017.08.23"]
[SourceVersion "1"]
[SourceVersionDate "2017.08.23"]
[SourceQuality "1"]

1. d4 Nf6 2. g3 g6 3. Bg2 Bg7 4. Nf3 0-0 5. 0-0 d5 6. Nc3 b6 7. Re1 Bb7 8. Bf4 Nbd7 9. Qd2 a6 10. Rad1 Re8 11. Ne5 e6 12. Qc1 Nxe5 13. Bxe5 Qe7 14. e4 dxe4 15. Nxe4 Bxe4 16. Bxf6 Bxf6 17. Bxe4 Rad8 18. Bc6 Rf8 19. c3 Rd6 20. Bg2 Rfd8 21. Qc2 Qd7 22. Bf3 Qc8 23. h4 R8d7 24. h5 Qf8 25. hxg6 hxg6 26. Kg2 Bg7 27. Rh1 f5 28. Qe2 Qf6 29. Qxa6 Rf7 30. Rde1 g5 31. Qc8+ Bf8 32. Re5 g4 33. Bd1 Qe7 34. Bb3 Rf6 35. Rh5 Kg7 36. Qa6 Kg6 37. Rh4 Bh6 38. Qd3 Bg5 39. Rh2 Qd7 40. Qf1 Qc6+ 41. Kg1 Qf3 42. Qg2 Bc1 43. Qxf3 gxf3 44. d5 exd5 45. Bxd5 Bxb2 46. Bxf3 Rfe6 47. Rxe6+ Rxe6 48. c4 Re1+ 49. Kg2 Ra1 50. Bh5+ Kf6 51. f4 Bd4 52. Bf3 Rxa2+ 53. Kh3 Rxh2+ 1/2-1/2